|
|
|
|
| LEADER |
00000nam a22000007i 4500 |
| 001 |
IT\ICCU\TO0\2100735 |
| 003 |
ItRI |
| 005 |
20240410163643.0 |
| 008 |
220526s2022 it |||||| ||||| |||||c |
| 020 |
|
|
|a 9788832737073
|
| 040 |
|
|
|b ita
|c GP
|
| 041 |
|
7 |
|a ita
|2 ISO-639-2
|
| 100 |
1 |
|
|a Berti, Alice,
|d (1996- )
|0 IT\ICCU\RT1V\042293
|4 aut
|
| 240 |
1 |
0 |
|a Calipso
|9 Berti, Alice <1996- >
|
| 245 |
1 |
0 |
|a Calipso /
|c Alice Berti.
|
| 260 |
|
|
|a Milano :
|b Bao,
|c 2022
|
| 300 |
|
|
|a 189 p. :
|b fumetti ;
|c 25 cm
|
| 942 |
|
|
|2 ddc
|c BK
|
| 952 |
|
|
|0 0
|1 0
|2 ddc
|4 0
|6 741_500000000000000_BER
|7 1
|9 1192
|a RM
|b RM
|d 2024-04-10
|l 0
|o 741.5 BER
|p 846
|r 2024-04-10 16:37:02
|w 2024-04-10
|y BK
|
| 981 |
|
1 |
|6 z01
|a i
|b xxxe
|
| 982 |
|
1 |
|6 z01
|a n
|
| 999 |
|
|
|c 1095
|d 1095
|